| 000 | 00603nam a2200217Ia 4500 | ||
|---|---|---|---|
| 005 | 20250425162435.0 | ||
| 008 | 250425s9999 xx 000 0 und d | ||
| 020 | _a013009367X | ||
| 041 | _aeng | ||
| 082 | _a621.382 | ||
| 100 | _aMORAIS, DOUGLAS H. | ||
| 245 | 0 | _aFIXED BROADBAND WIRELESS COMMUNICATIONS: PRINCIPLES AND PRACTICAL APPLICATIONS | |
| 250 | _aS.E. | ||
| 260 |
_aEstados Unidos _bPRENTICE HALL _c2004 |
||
| 260 | _aUPPER SADDLE RIVER | ||
| 300 | _a359 | ||
| 650 | _aSISTEMAS DE COMUNICACION DE BANDA ANCHA | ||
| 650 | _aSISTEMAS INALAMBRICOS | ||
| 942 | _c01 | ||
| 010 | _a74239 | ||
| 999 |
_c229299 _d229299 |
||